[Event "FICGS no engines 01 email"]
[Site "FICGS email"]
[Date "2011.11.04"]
[Round "1"]
[White "Gurgui, Dan Constantin"]
[Black "Zaunerciks, Ilmars"]
[Result "0-1"]
[WhiteElo "1198"]
[BlackElo "1345"]
[PlyCount "32"]
[EventDate "2011.??.??"]
[EventType "swiss (corr)"]
[EventRounds "1"]
[SourceTitle "Corr 2013"]
[Source "ChessBase"]
[SourceDate "2012.11.12"]
[SourceVersion "1"]
[SourceVersionDate "2012.11.12"]
[SourceQuality "1"]

1. e4 e5 2. Nf3 Nc6 3. Bb5 a6 4. Bxc6 bxc6 5. 0-0 d6 6. d4 exd4 7. Qxd4 Nf6 8. Bg5 Be7 9. Rd1 0-0 10. Bxf6 Bxf6 11. e5 dxe5 12. Qxd8 Rxd8 13. Rxd8+ Bxd8 14. Nxe5 Bb7 15. Nc3 Bf6 16. Nd7 Bd4 0-1

[Event "FICGS rapid E 000054 email"]
[Site "FICGS email"]
[Date "2011.05.07"]
[Round "1"]
[White "Melquiades, Jaime I"]
[Black "Zaunerciks, Ilmars"]
[Result "1-0"]
[WhiteElo "897"]
[BlackElo "1345"]
[PlyCount "27"]
[EventDate "2011.??.??"]
[EventType "tourn (rapid)"]
[EventRounds "6"]
[SourceTitle "Corr 2013"]
[Source "ChessBase"]
[SourceDate "2012.11.12"]
[SourceVersion "1"]
[SourceVersionDate "2012.11.12"]
[SourceQuality "1"]

1. e4 e5 2. Nf3 Nc6 3. c3 Nf6 4. d3 d5 5. Bg5 dxe4 6. Nh4 exd3 7. Bxd3 Be7 8. Bf5 Bxf5 9. Nd2 Bd3 10. h3 0-0 11. Ndf3 e4 12. Nd4 Nxd4 13. cxd4 Qxd4 14. Nf5 1-0

[Event "FICGS class F 000096 email"]
[Site "FICGS email"]
[Date "2011.05.04"]
[Round "1"]
[White "Zaunerciks, Ilmars"]
[Black "Cavaille, Cedric"]
[Result "0-1"]
[WhiteElo "1345"]
[BlackElo "942"]
[PlyCount "102"]
[EventDate "2011.??.??"]
[EventType "tourn (corr)"]
[EventRounds "6"]
[SourceTitle "Corr 2013"]
[Source "ChessBase"]
[SourceDate "2012.11.12"]
[SourceVersion "1"]
[SourceVersionDate "2012.11.12"]
[SourceQuality "1"]

1. e4 c5 2. Nf3 d6 3. d4 cxd4 4. Nxd4 Nf6 5. Nc3 e5 6. Nf3 Nc6 7. Bc4 Be6 8. Bxe6 fxe6 9. 0-0 d5 10. exd5 exd5 11. Bg5 d4 12. Ne4 h6 13. Bh4 g5 14. Nxf6+ Qxf6 15. Bg3 h5 16. Re1 Bd6 17. h3 h4 18. Bh2 0-0-0 19. a3 Qe6 20. Nxg5 Qg6 21. Ne4 Qh5 22. Qxh5 Rxh5 23. Nxd6+ Rxd6 24. Re4 Kc7 25. Rae1 b5 26. Bxe5 Nxe5 27. Rxe5 Rxe5 28. Rxe5 Kb6 29. Rh5 d3 30. cxd3 Rxd3 31. Rxh4 Rd1+ 32. Kh2 Rd2 33. f4 Rxb2 34. f5 Rf2 35. Rh5 Ka5 36. Kg1 Rc2 37. g4 Ka4 38. f6 Rc1+ 39. Kg2 Rc2+ 40. Kg3 Rc3+ 41. Kh4 Rxa3 42. f7 Rf3 43. Rf5 Rxf5 44. gxf5 b4 45. f8Q b3 46. Qc5 b2 47. Qc2+ Ka3 48. Qb1 Kb3 49. f6 a5 50. f7 a4 51. f8Q a3 0-1

[Event "FICGS class F 000095 email"]
[Site "FICGS email"]
[Date "2011.04.14"]
[Round "1"]
[White "Melquiades, Jaime I"]
[Black "Zaunerciks, Ilmars"]
[Result "0-1"]
[WhiteElo "996"]
[BlackElo "1185"]
[PlyCount "50"]
[EventDate "2011.??.??"]
[EventType "tourn (corr)"]
[EventRounds "6"]
[SourceTitle "Corr 2013"]
[Source "ChessBase"]
[SourceDate "2012.11.12"]
[SourceVersion "1"]
[SourceVersionDate "2012.11.12"]
[SourceQuality "1"]

1. e4 e5 2. Nf3 Nc6 3. c3 Nf6 4. d3 Be7 5. Bg5 h6 6. Bh4 0-0 7. g4 d5 8. g5 Nh5 9. gxh6 Bxh4 10. h7+ Kh8 11. Nbd2 Bg4 12. Bg2 Nf4 13. Rg1 Nxd3+ 14. Kf1 Bxf2 15. h3 Bxg1 16. Kxg1 Bxf3 17. Nxf3 dxe4 18. Nd2 Nxb2 19. Qg4 e3 20. Ne4 Nd3 21. Ng5 Nf2 22. Kh2 Nxg4+ 23. hxg4 Qxg5 24. Rh1 e2 25. Kh3 Rad8 0-1

[Event "FICGS class F 000095 email"]
[Site "FICGS email"]
[Date "2011.04.14"]
[Round "1"]
[White "Zaunerciks, Ilmars"]
[Black "Gonet, Gerard"]
[Result "1-0"]
[WhiteElo "1185"]
[BlackElo "1146"]
[PlyCount "99"]
[EventDate "2011.??.??"]
[EventType "tourn (corr)"]
[EventRounds "6"]
[SourceTitle "Corr 2013"]
[Source "ChessBase"]
[SourceDate "2012.11.12"]
[SourceVersion "1"]
[SourceVersionDate "2012.11.12"]
[SourceQuality "1"]

1. e4 Nc6 2. Nf3 Nf6 3. Nc3 d5 4. e5 d4 5. exf6 dxc3 6. bxc3 gxf6 7. Bc4 e5 8. d3 Bg4 9. Bxf7+ Kxf7 10. Ng5+ fxg5 11. Qxg4 Be7 12. Qf5+ Bf6 13. Bxg5 Rg8 14. Qxh7+ Ke6 15. Be3 Rh8 16. Qe4 Rg8 17. d4 Kf7 18. 0-0-0 Qe7 19. dxe5 Nxe5 20. Qh7+ Rg7 21. Qh5+ Kg8 22. Bd4 Qa3+ 23. Kb1 Rh7 24. Qf5 Qd6 25. Rhe1 Re8 26. f4 Nc4 27. Rxe8+ Kf7 28. Qxf6+ Qxf6 29. Bxf6 Kxe8 30. Rd8+ Kf7 31. Rd7+ Kg6 32. Rxh7 Kxh7 33. g4 Kg6 34. g5 Kf5 35. Be5 Nxe5 36. fxe5 Kxg5 37. Kc1 Kf5 38. Kd2 Kxe5 39. Ke3 Kf5 40. c4 Kg4 41. Kd4 Kh3 42. Kd5 Kxh2 43. c5 Kg3 44. Ke6 Kf3 45. Kd7 c6 46. Kc7 Ke3 47. Kxb7 Kd2 48. Kxc6 Kxc2 49. Kb7 Kc3 50. c6 1-0

[Event "FICGS class F 000095 email"]
[Site "FICGS email"]
[Date "2011.04.14"]
[Round "1"]
[White "Zaunerciks, Ilmars"]
[Black "Kehayov, Yulian"]
[Result "0-1"]
[WhiteElo "1185"]
[BlackElo "1071"]
[PlyCount "44"]
[EventDate "2011.??.??"]
[EventType "tourn (corr)"]
[EventRounds "6"]
[SourceTitle "Corr 2013"]
[Source "ChessBase"]
[SourceDate "2012.11.12"]
[SourceVersion "1"]
[SourceVersionDate "2012.11.12"]
[SourceQuality "1"]

1. e4 Nc6 2. Nf3 Nf6 3. e5 Nd5 4. Bc4 Nb6 5. Bb3 g6 6. 0-0 Bg7 7. d4 d5 8. c3 0-0 9. Nbd2 a5 10. Re1 Bf5 11. Nh4 Be6 12. Nhf3 a4 13. Bc2 Qd7 14. Nf1 Bf5 15. Bxf5 Qxf5 16. Ng3 Qd7 17. Ng5 e6 18. Be3 Nc4 19. Bc1 Ra6 20. Qe2 N6a5 21. f4 Rb6 22. Nh5 gxh5 0-1

[Event "FICGS rapid E 000052 email"]
[Site "FICGS email"]
[Date "2011.04.04"]
[Round "1"]
[White "Stoyanov, Zdravko"]
[Black "Zaunerciks, Ilmars"]
[Result "1/2-1/2"]
[WhiteElo "1211"]
[BlackElo "1185"]
[PlyCount "119"]
[EventDate "2011.??.??"]
[EventType "tourn (rapid)"]
[EventRounds "6"]
[SourceTitle "Corr 2013"]
[Source "ChessBase"]
[SourceDate "2012.11.12"]
[SourceVersion "1"]
[SourceVersionDate "2012.11.12"]
[SourceQuality "1"]

1. e4 e5 2. Nf3 Nc6 3. Bb5 a6 4. Bxc6 dxc6 5. d3 Bd6 6. h3 Nf6 7. Bg5 Bd7 8. 0-0 h6 9. Bh4 g5 10. Bg3 Qe7 11. Nbd2 0-0-0 12. Re1 g4 13. hxg4 Bxg4 14. Nc4 h5 15. Nxd6+ cxd6 16. Re3 h4 17. Bh2 h3 18. g3 Rdg8 19. c3 Nh5 20. Qb3 Nf4 21. Kf1 Ng2 22. Rae1 Bxf3 23. Rxf3 f6 24. Re2 Qg7 25. Qe6+ Qd7 26. Rxf6 Qxe6 27. Rxe6 Kd7 28. Rf6 Ke7 29. Rf5 Rf8 30. Rxf8 Rxf8 31. b4 Rf3 32. Rd2 Ke6 33. a4 d5 34. exd5+ cxd5 35. c4 dxc4 36. dxc4 e4 37. Re2 Kf5 38. Kg1 e3 39. fxe3 Nxe3 40. Rf2 Ke4 41. Rxf3 Kxf3 42. c5 Nd5 43. b5 axb5 44. axb5 Ke4 45. c6 bxc6 46. bxc6 Kf5 47. Kf2 Kg4 48. Bg1 Nc7 49. Bh2 Nd5 50. Ke2 Nc3+ 51. Kd3 Nd5 52. Kd4 Ne7 53. c7 Kf3 54. Ke5 Kg2 55. Ke6 Nc8 56. Kd7 Nb6+ 57. Kc6 Nc8 58. Kd7 Nb6+ 59. Kc6 Nc8 60. Kd7 1/2-1/2

[Event "FICGS rapid E 000052 email"]
[Site "FICGS email"]
[Date "2011.04.04"]
[Round "1"]
[White "Yloenen, Olli"]
[Black "Zaunerciks, Ilmars"]
[Result "1-0"]
[WhiteElo "1285"]
[BlackElo "1185"]
[PlyCount "37"]
[EventDate "2011.??.??"]
[EventType "tourn (rapid)"]
[EventRounds "6"]
[SourceTitle "Corr 2013"]
[Source "ChessBase"]
[SourceDate "2012.11.12"]
[SourceVersion "1"]
[SourceVersionDate "2012.11.12"]
[SourceQuality "1"]

1. Nc3 d5 2. e4 d4 3. Nce2 Nc6 4. Ng3 e5 5. Bc4 Nf6 6. Nf3 Be7 7. d3 Na5 8. Nxe5 Nxc4 9. Nxc4 0-0 10. 0-0 Re8 11. a4 Bg4 12. Qd2 Bf8 13. b3 c6 14. Qf4 b5 15. axb5 cxb5 16. e5 Nd5 17. Qxg4 bxc4 18. bxc4 Nc3 19. Re1 1-0

[Event "FICGS rapid E 000050 email"]
[Site "FICGS email"]
[Date "2011.03.11"]
[Round "1"]
[White "Zaunerciks, Ilmars"]
[Black "Kehayov, Yulian"]
[Result "0-1"]
[WhiteElo "1185"]
[BlackElo "1071"]
[PlyCount "68"]
[EventDate "2011.??.??"]
[EventType "tourn (rapid)"]
[EventRounds "5"]
[SourceTitle "Corr 2013"]
[Source "ChessBase"]
[SourceDate "2012.11.12"]
[SourceVersion "1"]
[SourceVersionDate "2012.11.12"]
[SourceQuality "1"]

1. e4 e5 2. Nf3 Nc6 3. Bb5 Nf6 4. 0-0 Bc5 5. c3 Be7 6. d3 d6 7. Nbd2 0-0 8. Re1 a6 9. Ba4 h6 10. h3 Re8 11. Nf1 Be6 12. d4 b5 13. Bb3 Bd7 14. d5 Na5 15. Bc2 Qc8 16. Ng3 Bd8 17. Bd2 Nc4 18. Bc1 Na5 19. Nh4 Nxd5 20. exd5 Bxh4 21. Qf3 Qd8 22. Nf5 Bg5 23. Bxg5 Qxg5 24. Ne3 Nc4 25. Nxc4 bxc4 26. Re3 f5 27. Ree1 e4 28. Qd1 e3 29. fxe3 Rxe3 30. Rxe3 Qxe3+ 31. Kh1 Qf2 32. Rc1 Re8 33. Qf1 Qd2 34. Kh2 Re2 0-1

[Event "FICGS class F 000094 email"]
[Site "FICGS email"]
[Date "2011.03.10"]
[Round "1"]
[White "Cavaille, Cedric"]
[Black "Zaunerciks, Ilmars"]
[Result "0-1"]
[WhiteElo "969"]
[BlackElo "1185"]
[PlyCount "94"]
[EventDate "2011.??.??"]
[EventType "tourn (corr)"]
[EventRounds "6"]
[SourceTitle "Corr 2013"]
[Source "ChessBase"]
[SourceDate "2012.11.12"]
[SourceVersion "1"]
[SourceVersionDate "2012.11.12"]
[SourceQuality "1"]

1. e4 c5 2. Nf3 Nc6 3. Bc4 d6 4. Ng5 e6 5. c3 Nf6 6. d3 Be7 7. 0-0 0-0 8. d4 cxd4 9. cxd4 a6 10. d5 Ne5 11. dxe6 Nxc4 12. Nxf7 Qc7 13. Ng5 b5 14. Qf3 Bb7 15. b3 Ne5 16. Qc3 Rac8 17. Qxc7 Rxc7 18. Bf4 Nd3 19. Bg3 Nxe4 20. a4 Nxg3 21. hxg3 Bxg5 22. axb5 axb5 23. Rd1 Rc1 24. Rxc1 Nxc1 25. Nc3 Nxb3 26. Rd1 b4 27. f4 bxc3 28. fxg5 c2 29. Re1 c1Q 30. Rxc1 Nxc1 31. Kh2 Rf2 32. e7 Kf7 33. g6+ hxg6 34. Kg1 Rxg2+ 35. Kf1 Ne2 36. e8Q+ Kxe8 37. g4 Nc3 38. g5 Ra2 39. Ke1 d5 40. Kf1 d4 41. Ke1 d3 42. Kf1 d2 43. Kf2 d1Q+ 44. Ke3 Re2+ 45. Kf4 Qf1+ 46. Kg4 Rg2+ 47. Kh3 Qh1# 0-1

[Event "FICGS class F 000094 email"]
[Site "FICGS email"]
[Date "2011.03.10"]
[Round "1"]
[White "Zeckarias, Simon"]
[Black "Zaunerciks, Ilmars"]
[Result "0-1"]
[WhiteElo "1132"]
[BlackElo "1185"]
[PlyCount "38"]
[EventDate "2011.??.??"]
[EventType "tourn (corr)"]
[EventRounds "6"]
[SourceTitle "Corr 2013"]
[Source "ChessBase"]
[SourceDate "2012.11.12"]
[SourceVersion "1"]
[SourceVersionDate "2012.11.12"]
[SourceQuality "1"]

1. e4 e5 2. Nf3 Nc6 3. c3 Nf6 4. d4 exd4 5. cxd4 Nxe4 6. Nbd2 Nxd2 7. Bxd2 d5 8. Bb5 Bd7 9. 0-0 Be7 10. Qb3 Be6 11. Ne5 Bd7 12. Rae1 0-0 13. Bxc6 bxc6 14. Ba5 c5 15. dxc5 Be6 16. f4 Bxc5+ 17. Kh1 d4 18. Nc6 Bxb3 19. axb3 Qd6 0-1

[Event "FICGS class E 000135 email"]
[Site "FICGS email"]
[Date "2011.02.28"]
[Round "1"]
[White "Barradas, Anderson"]
[Black "Zaunerciks, Ilmars"]
[Result "0-1"]
[WhiteElo "1236"]
[BlackElo "1276"]
[PlyCount "106"]
[EventDate "2011.??.??"]
[EventType "tourn (corr)"]
[EventRounds "1"]
[SourceTitle "Corr 2013"]
[Source "ChessBase"]
[SourceDate "2012.11.12"]
[SourceVersion "1"]
[SourceVersionDate "2012.11.12"]
[SourceQuality "1"]

1. e4 e5 2. Nf3 Nc6 3. Bb5 a6 4. Bxc6 dxc6 5. 0-0 Bd6 6. Nc3 Nf6 7. d3 0-0 8. Bg5 h6 9. Bxf6 Qxf6 10. h3 Qg6 11. Ne2 Bxh3 12. Ng3 Bg4 13. Qd2 Bxf3 14. gxf3 h5 15. Kh1 Be7 16. Rg1 Qf6 17. Kg2 h4 18. Nf5 g6 19. Kf1 g5 20. Nxh4 Qf4 21. Qxf4 exf4 22. Nf5 Bf6 23. c3 c5 24. Rc1 Rad8 25. Nh6+ Kg7 26. Rh1 Rxd3 27. Ke2 Rfd8 28. Nf5+ Kg8 29. Rh6 Bg7 30. Nxg7 Kxg7 31. Rhh1 Rd2+ 32. Ke1 Rxb2 33. a4 Rdd2 34. Rh2 Rd3 35. Rh5 f6 36. e5 Kg6 37. Rh8 fxe5 38. Re8 Kf6 39. Rf8+ Ke6 40. Re8+ Kf6 41. Rf8+ Ke7 42. Rf5 Ke6 43. Rxg5 Rxf3 44. Rg6+ Kf5 45. Rg2 e4 46. c4 e3 47. Kf1 Rfxf2+ 48. Rxf2 Rxf2+ 49. Ke1 f3 50. Rd1 Rh2 51. Rd5+ Ke4 52. Kd1 e2+ 53. Ke1 Rh1+ 0-1

[Event "FICGS class E 000135 email"]
[Site "FICGS email"]
[Date "2011.02.28"]
[Round "1"]
[White "Zaunerciks, Ilmars"]
[Black "Catteau, Christophe"]
[Result "1/2-1/2"]
[WhiteElo "1276"]
[BlackElo "1400"]
[PlyCount "53"]
[EventDate "2011.??.??"]
[EventType "tourn (corr)"]
[EventRounds "1"]
[SourceTitle "Corr 2013"]
[Source "ChessBase"]
[SourceDate "2012.11.12"]
[SourceVersion "1"]
[SourceVersionDate "2012.11.12"]
[SourceQuality "1"]

1. e4 c5 2. Nf3 e6 3. d4 cxd4 4. Nxd4 Nc6 5. Nc3 Qc7 6. Ndb5 Qb8 7. g3 a6 8. Nd4 Nf6 9. Bg2 Bc5 10. Nxc6 bxc6 11. 0-0 0-0 12. Kh1 d5 13. exd5 cxd5 14. Bg5 Qxb2 15. Bxf6 gxf6 16. Na4 Qb5 17. Nxc5 Qxc5 18. Qg4+ Kh8 19. Qh4 f5 20. Qf6+ Kg8 21. Qg5+ Kh8 22. Qh6 Bd7 23. Qf6+ Kg8 24. c3 Bb5 25. Qg5+ Kh8 26. Qf6+ Kg8 27. Qg5+ 1/2-1/2

[Event "FICGS rapid E 000047 email"]
[Site "FICGS email"]
[Date "2011.02.15"]
[Round "1"]
[White "Bromo, Alexis"]
[Black "Zaunerciks, Ilmars"]
[Result "0-1"]
[WhiteElo "1260"]
[BlackElo "1276"]
[PlyCount "32"]
[EventDate "2011.??.??"]
[EventType "tourn (rapid)"]
[EventRounds "6"]
[SourceTitle "Corr 2013"]
[Source "ChessBase"]
[SourceDate "2012.11.12"]
[SourceVersion "1"]
[SourceVersionDate "2012.11.12"]
[SourceQuality "1"]

1. d4 d5 2. c4 e6 3. Nc3 Nf6 4. e3 Be7 5. Nf3 0-0 6. Be2 a6 7. c5 Nc6 8. a3 Re8 9. b4 b6 10. h3 a5 11. b5 Na7 12. a4 bxc5 13. dxc5 Bxc5 14. Ne5 d4 15. exd4 Bxd4 16. Bg5 Bxc3+ 0-1

[Event "FICGS rapid E 000047 email"]
[Site "FICGS email"]
[Date "2011.02.15"]
[Round "1"]
[White "Kehayov, Yulian"]
[Black "Zaunerciks, Ilmars"]
[Result "1-0"]
[WhiteElo "1071"]
[BlackElo "1276"]
[PlyCount "43"]
[EventDate "2011.??.??"]
[EventType "tourn (rapid)"]
[EventRounds "6"]
[SourceTitle "Corr 2013"]
[Source "ChessBase"]
[SourceDate "2012.11.12"]
[SourceVersion "1"]
[SourceVersionDate "2012.11.12"]
[SourceQuality "1"]

1. e4 c5 2. Nf3 d6 3. Nc3 Nc6 4. Bc4 Nf6 5. d4 cxd4 6. Nxd4 g6 7. 0-0 Bg7 8. Nxc6 bxc6 9. e5 Ng4 10. exd6 Be5 11. h3 Nf6 12. dxe7 Qxe7 13. Re1 0-0 14. Bf4 Nd7 15. Bxe5 Nxe5 16. Qd4 Qb4 17. Bxf7+ Rxf7 18. Qxb4 Re7 19. Qxe7 Nc4 20. Ne4 Bf5 21. Nf6+ Kh8 22. Qxh7# 1-0

[Event "FICGS rapid E 000047 email"]
[Site "FICGS email"]
[Date "2011.02.15"]
[Round "1"]
[White "Martinez, Silvio"]
[Black "Zaunerciks, Ilmars"]
[Result "0-1"]
[WhiteElo "1113"]
[BlackElo "1276"]
[PlyCount "20"]
[EventDate "2011.??.??"]
[EventType "tourn (rapid)"]
[EventRounds "6"]
[SourceTitle "Corr 2013"]
[Source "ChessBase"]
[SourceDate "2012.11.12"]
[SourceVersion "1"]
[SourceVersionDate "2012.11.12"]
[SourceQuality "1"]

1. e4 c5 2. Nf3 d6 3. c4 Nc6 4. g3 Nf6 5. Nc3 e6 6. d4 cxd4 7. Nxd4 Be7 8. Bg2 0-0 9. 0-0 Ne5 10. b3 a6 0-1

[Event "FICGS class E 000134 email"]
[Site "FICGS email"]
[Date "2011.02.12"]
[Round "1"]
[White "Quanter, Kirsty"]
[Black "Zaunerciks, Ilmars"]
[Result "1-0"]
[WhiteElo "1390"]
[BlackElo "1276"]
[PlyCount "47"]
[EventDate "2011.??.??"]
[EventType "tourn (corr)"]
[EventRounds "6"]
[SourceTitle "Corr 2013"]
[Source "ChessBase"]
[SourceDate "2012.11.12"]
[SourceVersion "1"]
[SourceVersionDate "2012.11.12"]
[SourceQuality "1"]

1. e4 c5 2. f4 d6 3. Nf3 Nc6 4. Bb5 a6 5. Bxc6+ bxc6 6. 0-0 Nf6 7. d3 g6 8. e5 Nd7 9. Qe2 dxe5 10. fxe5 Nb6 11. Qf2 e6 12. Ng5 f5 13. exf6 Qd4 14. Be3 Qxb2 15. f7+ Kd7 16. Nd2 Nd5 17. Nc4 Qb8 18. Ne4 Bg7 19. Nxc5+ Kc7 20. Qg3+ e5 21. Nxe5 Bxe5 22. Qxe5+ Kd8 23. f8Q+ Rxf8 24. Rxf8# 1-0

[Event "FICGS class E 000130 email"]
[Site "FICGS email"]
[Date "2010.11.02"]
[Round "1"]
[White "Gonet, Gerard"]
[Black "Zaunerciks, Ilmars"]
[Result "0-1"]
[WhiteElo "1232"]
[BlackElo "1389"]
[PlyCount "24"]
[EventDate "2010.??.??"]
[EventType "tourn (corr)"]
[EventRounds "1"]
[SourceTitle "Corr 2013"]
[Source "ChessBase"]
[SourceDate "2012.11.12"]
[SourceVersion "1"]
[SourceVersionDate "2012.11.12"]
[SourceQuality "1"]

1. f4 d5 2. c4 dxc4 3. e4 b5 4. a4 c6 5. axb5 cxb5 6. Nc3 a6 7. Nxb5 Bb7 8. Na3 Bxe4 9. Nxc4 Nd7 10. Qa4 Ngf6 11. d3 Bd5 12. Nb6 Qxb6 0-1

[Event "FICGS rapid D 000046 email"]
[Site "FICGS email"]
[Date "2010.10.10"]
[Round "1"]
[White "Budnar, Milos"]
[Black "Zaunerciks, Ilmars"]
[Result "1-0"]
[WhiteElo "1382"]
[BlackElo "1317"]
[PlyCount "41"]
[EventDate "2010.??.??"]
[EventType "tourn (rapid)"]
[EventRounds "6"]
[SourceTitle "Corr 2013"]
[Source "ChessBase"]
[SourceDate "2012.11.12"]
[SourceVersion "1"]
[SourceVersionDate "2012.11.12"]
[SourceQuality "1"]

1. e4 c5 2. Nf3 d6 3. d4 cxd4 4. Nxd4 Nc6 5. Nc3 Nf6 6. Bb5 Bd7 7. Bg5 h6 8. Bxf6 gxf6 9. h3 a6 10. Ba4 b5 11. Bb3 Qb6 12. Nxc6 Bxc6 13. 0-0 Qc5 14. Nd5 0-0-0 15. a4 f5 16. exf5 Bxd5 17. Qxd5 Qxd5 18. Bxd5 Bg7 19. c3 Rhf8 20. Bc6 bxa4 21. Rxa4 1-0

[Event "FICGS rapid D 000046 email"]
[Site "FICGS email"]
[Date "2010.10.10"]
[Round "1"]
[White "Zaunerciks, Ilmars"]
[Black "Leurette, Marc Antoine"]
[Result "0-1"]
[WhiteElo "1317"]
[BlackElo "1497"]
[PlyCount "48"]
[EventDate "2010.??.??"]
[EventType "tourn (rapid)"]
[EventRounds "6"]
[SourceTitle "Corr 2013"]
[Source "ChessBase"]
[SourceDate "2012.11.12"]
[SourceVersion "1"]
[SourceVersionDate "2012.11.12"]
[SourceQuality "1"]

1. e4 e5 2. Nf3 Nc6 3. Bb5 Bc5 4. 0-0 Nf6 5. c3 Nxe4 6. Qe2 Nd6 7. Bxc6 dxc6 8. Qxe5+ Be6 9. Ng5 0-0 10. Nxe6 fxe6 11. Qxe6+ Rf7 12. d4 Bb6 13. Nd2 Qe8 14. Qg4 Nf5 15. Nc4 c5 16. Ne5 Rf8 17. b3 cxd4 18. Re1 dxc3 19. Qc4+ Kh8 20. Nf3 Qf7 21. Qxc3 Rad8 22. Ba3 Nd6 23. Bb2 Kg8 24. Rad1 Ne4 0-1